Masaryk a Slovensko

Bibliographic Details
Main Author: Štefánek, Anton, 1877-1964 (Author)
Format: Book
Language:Undetermined
PhysicalDescription:31 s.
Published: Bratislava "Vatra" 1920

MARC

LEADER 00000nam a2200000 a 4500
001 vtls001307700
003 SK-MaSNL
005 20260301155740.0
008 240314s1920 xo 0 und
035 |a SNK000259987 
040 |a SNK  |b slo  |c SNK  |e AACR2 
044 |a xo  |c SK 
100 1 |a Štefánek, Anton,  |d 1877-1964  |4 aut  |9 100362 
245 1 0 |a Masaryk a Slovensko 
260 |a Bratislava  |b "Vatra"  |c 1920 
300 |a 31 s. 
999 |c 802494  |d 804424 
952 |a SNK  |b SNK  |y VYP  |7 0  |p 17A0469178  |o snkSD 3414/6 D2  |i snkKSF 2516/57  |3 rekatalogizácia  |0 0  |1 0  |4 0  |d 2005-05-04  |l 0  |r 2026-02-24 02:11:56  |w 2026-02-24 
952 |t P60, <03>, [BOOK], {603}  |a SNK  |b SNK  |y PREZ  |7 0  |p 17A0105318  |o snkSD 3414/6  |0 0  |1 0  |4 0  |d 1997-10-27  |l 0  |r 2025-11-05 00:00:00  |w 2026-02-24 
952 |t P60, <04>, [BOOK], {604}  |a SNK  |b SNK  |y VYP  |7 0  |p 17A0106705  |o snkSD 3414/6 D1  |0 0  |1 0  |4 0  |d 1997-11-06  |l 0  |r 2005-01-02 00:00:00  |w 2026-02-24 
952 |t P60, <04>, [BOOK], {604}  |a SNK  |b SNK  |y VYP  |7 0  |p 17A0231952  |o snkSD 3414/6 D3  |0 0  |1 0  |4 0  |d 2000-03-20  |l 0  |r 2005-01-02 00:00:00  |w 2026-02-24